| 000 | 01414cam a2200301 i 4500 | ||
|---|---|---|---|
| 003 | SA-RiAUC | ||
| 005 | 20250101065528.0 | ||
| 008 | 241225s1974 ||| g 00010 ara c | ||
| 040 |
_aSA-JeALM _bara _cSA-RiAUC _erda |
||
| 041 | 1 |
_aara _hund |
|
| 082 | 0 | 0 |
_a260 _qSA-RiAUC |
| 090 |
_a260 _b هـ ج و |
||
| 100 | 1 |
_aالهجويري، علي بن عثمان بن أبي علي، _dتوفي 465 هجري _eمؤلف. |
|
| 245 | 1 | 0 |
_aكشف المحجوب / _cتأليف أبي الحسن علي بن عثمان بن أبي علي الهجويري ؛ دراسة وترجمة وتعليق إسعاد عبد الهادي قنديل ؛ راجع الترجمة أمين عبد المجيد بدوي. |
| 264 | 1 |
_aالقاهرة : _bالمجلس الأعلى للشؤون الإسلامية، لجنة التعريف بالإسلام، _c1974 |
|
| 300 |
_aمجلد ؛ _c24 سم |
||
| 336 |
_aنص _btxt _2rdacontent _3كتاب |
||
| 337 |
_aبدون وسيط _bn _2rdamedia |
||
| 338 |
_aمجلد _bnc _2rdacarrier |
||
| 650 | 7 |
_aالتصوف الإسلامي _2aucsh |
|
| 650 | 7 |
_aالشيعة _2aucsh |
|
| 650 | 7 |
_aالفرق الإسلامية _2aucsh |
|
| 650 | 7 |
_aالتصوف _2aucsh |
|
| 700 | 1 |
_aقنديل، إسعاد عبد الهادي _eمترجم. |
|
| 700 | 1 |
_aبدوي، أمين عبد المجيد، _d1907-1997 _eمراجع. |
|
| 942 |
_2ddc _cBOOK _n0 |
||
| 949 |
_aSA-JeALM _d241225 _umohamedma123 _n1 |
||
| 999 |
_c4235 _d4235 |
||